Flag-Shape Picture Quiz - Statistics

General Stats
  • This quiz has been taken 22 times
  • The average score is 58 of 64
Answer Stats
Picture Answer % Correct
Albania
100%
Belarus
100%
China
100%
Croatia
100%
Democratic Republic of the Congo
100%
Egypt
100%
France
100%
Greece
100%
India
100%
Indonesia
100%
Iran
100%
Israel
100%
Italy
100%
Montenegro
100%
Nepal
100%
Norway
100%
Pakistan
100%
Romania
100%
Russia
100%
Saudi Arabia
100%
Senegal
100%
South Africa
100%
Spain
100%
Sri Lanka
100%
Sweden
100%
Ukraine
100%
United Kingdom
100%
Australia
93%
Brazil
93%
Brunei
93%
Czech Republic
93%
Gabon
93%
Lebanon
93%
Liberia
93%
Mauritania
93%
Morocco
93%
New Zealand
93%
Niger
93%
Singapore
93%
Tanzania
93%
Uruguay
93%
Uzbekistan
93%
Armenia
87%
Burkina Faso
87%
Moldova
87%
Papua New Guinea
87%
Samoa
87%
Swaziland
87%
Bahamas
80%
Barbados
80%
Burundi
80%
Canada
80%
Chile
80%
Fiji
80%
Guyana
80%
Jamaica
80%
Mexico
80%
Panama
80%
Peru
80%
Solomon Islands
80%
Trinidad & Tobago
80%
United States
80%
Palau
73%
Argentian
7%
No matching quizzes found
Score Distribution
Percent of People with Each Score
Percentile by Number Answered
Your Score History
You have not taken this quiz